Lyrics to 'Beige' by Yoke Lore - Statistics

General Stats
  • This quiz has been taken 10 times
  • The average score is 214 of 264
Answer Stats
Answer % Correct
a
100%
beautiful
100%
do
100%
Do
100%
don't
100%
Don't
100%
go
100%
I
100%
in
100%
know
100%
let
100%
Let
100%
me
100%
morning
100%
no
100%
one
100%
see
100%
skin
100%
smile
100%
So
100%
Tell
100%
the
100%
to
100%
wanna
100%
want
100%
where
100%
you
100%
You
100%
your
100%
you're
100%
And
88%
and
88%
before
88%
demon
88%
ever
88%
goes
88%
it
88%
place
88%
something
88%
that
88%
under
88%
ain't
75%
all
75%
fall
75%
find
75%
fingers
75%
mouth
75%
my
75%
please
75%
soul
75%
treasure
75%
With
75%
about
63%
But
63%
cause
63%
gold
63%
got
63%
half
63%
has
63%
if
63%
lead
63%
look
63%
performing
63%
thing
63%
think
63%
What
63%
baby
50%
Baby
50%
drives
50%
every
50%
eyes
50%
faults
50%
little
50%
of
50%
out
50%
past
50%
stupid
50%
those
50%
wild
50%
wonder
50%
could
38%
Could
38%
dream
38%
electric
38%
fail
38%
feel
38%
his
38%
led
38%
survive
38%
us
38%
we'd
38%
We'd
38%
drain
25%
fans
25%
fire
25%
hands
25%
heavenly
25%
kill
25%
limbs
25%
man
25%
plants
25%
roots
25%
this
25%
eat
13%
No matching quizzes found
Score Distribution
Percent of People with Each Score
Percentile by Number Answered
Your Score History
You have not taken this quiz